BUBT Library Online Catalog

একজন হিমু কয়েকটি ঝিঁ ঝিঁ পোকা / (Record no. 6599)

000 -LEADER
fixed length control field 00954nam a22002177a 4500
003 - CONTROL NUMBER IDENTIFIER
control field BUBTL
008 - FIXED-LENGTH DATA ELEMENTS--GENERAL INFORMATION
fixed length control field 211206b ||||| |||| 00| 0 eng d
020 ## - INTERNATIONAL STANDARD BOOK NUMBER
International Standard Book Number 9844950337
082 ## - DEWEY DECIMAL CLASSIFICATION NUMBER
Classification number 891.443/ Ah52e/ 1999
100 ## - MAIN ENTRY--PERSONAL NAME
9 (RLIN) 1693
Personal name আহমেদ, হুমায়ূন
245 ## - TITLE STATEMENT
Title একজন হিমু কয়েকটি ঝিঁ ঝিঁ পোকা /
Statement of responsibility, etc. হুমায়ূন আহমেদ
250 ## - EDITION STATEMENT
Edition statement 1st Edn.
260 ## - PUBLICATION, DISTRIBUTION, ETC. (IMPRINT)
Place of publication, distribution, etc. ঢাকা:
Name of publisher, distributor, etc. পার্ল পাবলিকেশন্স,
Date of publication, distribution, etc. c1999
300 ## - PHYSICAL DESCRIPTION
Extent 103 p.:
Dimensions 22 cm.
505 ## - FORMATTED CONTENTS NOTE
Formatted contents note একজন হিমু কয়েকটি ঝিঁ ঝিঁ পোকা, হুমায়ূন আহমেদ, বাংলা সাহিত্য, Bengali Literature
650 #0 - SUBJECT ADDED ENTRY--TOPICAL TERM
9 (RLIN) 1687
Topical term or geographic name as entry element বাংলা সাহিত্য
650 #0 - SUBJECT ADDED ENTRY--TOPICAL TERM
9 (RLIN) 2152
Topical term or geographic name as entry element Bengali Literature
856 ## - ELECTRONIC LOCATION AND ACCESS
Password 0
Logon 0
Link text Download
942 ## - ADDED ENTRY ELEMENTS (KOHA)
Source of classification or shelving scheme
Koha item type Books
Holdings
Withdrawn status Lost status Source of classification or shelving scheme Damaged status Not for loan Collection code Permanent location Current location Shelving location Date acquired Source of acquisition Inventory number Total Checkouts Full call number Barcode Date last seen Date last checked out Copy number Price effective from Koha item type Total Renewals
          Fiction Bangladesh University of Business and Technology Library Bangladesh University of Business and Technology Library Fiction 10/19/2016 Purchase 22473 2 891.443/ Ah52e/ 1999 BUBTL-200322473 10/11/2022 09/28/2022 C-1 12/06/2021 Books  
          Fiction Bangladesh University of Business and Technology Library Bangladesh University of Business and Technology Library Fiction 10/19/2016 Purchase 22474 2 891.443/ Ah52e/ 1999 BUBTL-200322474 11/12/2023 10/25/2023 C-2 12/06/2021 Books 2

More Information About Library

Library Hours

  • Open: 9.00 am. to 9.00 pm.
  • Only Sunday: 9.00 am. to 6.00 pm.
  • Closed: Holiday

Contact to the University

Bangladesh University of Business and Technology Library

  • Mirpurl-2, 1216.
  • Phone:
  • Fax:
  • E-Mail: admin.library@bubt.edu.bd

Contact to the Library

Contact Person:

Md. Abdul Hakim Shah
Joint Librarian
PABX No:  113
Cell No: 01816332931
E-mail: official: admin.library@bubt.edu.bd
Personal: hakim.shah@bubt.edu.bd


BUBT Library

Copyright © 2021